| 000 | 00881cab a2200265 4500 | ||
|---|---|---|---|
| 001 | ABS58749 | ||
| 008 | 090401t1998 xxu||||| |||| 00| 0 eng d | ||
| 035 | _a(Sirsi) u86607 | ||
| 041 | _aeng | ||
| 100 | _aChild, T. | ||
| 245 | _aContractual conundrums | ||
| 260 | _c1998 | ||
| 350 | _a0 | ||
| 490 |
_aLGC Law and Administration _v(13) 22 May 1998, 11(1) |
||
| 520 | _aDiscusses issues relating to the certification of contracts by local authorities under the Local Government (Contracts) Act 1997. Touches on the effect of European public procurement law and challenging a certified contract. | ||
| 650 | _aCERTIFIED CONTRACTS | ||
| 650 | _aCONTRACT LAW | ||
| 650 | _aEUROPEAN PROCUREMENT LAW | ||
| 650 | _aLOCAL GOVERNMENT (CONTRACTS) ACT 1997 | ||
| 650 | _aPUBLIC CONTRACTS | ||
| 690 | _aLAW | ||
| 700 | _aLibovitch, J. | ||
| 942 | _n0 | ||
| 948 | _c05/06/1998 | ||
| 999 |
_c54531 _d54531 |
||